FIFA World Cup Top Three Players - Statistics

General Stats
  • This quiz has been taken 42 times
  • The average score is 18 of 33
Answer Stats
Hint Year Player % Correct
Golden Ball 2022 Lionel Messi
97%
Golden Ball 2014 Lionel Messi
97%
Golden Ball 1998 Ronaldo
94%
Silver Ball 2002 Ronaldo
94%
Silver Ball 2022 Kylian Mbappe
86%
Golden Ball 2018 Luka Modric
86%
Bronze Ball 2022 Luka Modric
86%
Golden Ball 2002 Oliver Kahn
83%
Golden Ball 2006 Zinedine Zidane
83%
Golden Ball 1986 Diego Maradona
80%
Bronze Ball 1990 Diego Maradona
80%
Silver Ball 2014 Thomas Muller
69%
Bronze Ball 2010 David Villa
66%
Golden Ball 1994 Romario
66%
Bronze Ball 2014 Arjen Robben
63%
Bronze Ball 2018 Antoine Griezmann
60%
Golden Ball 2010 Diego Forlan
57%
Silver Ball 2006 Fabio Cannavaro
57%
Silver Ball 1990 Lothar Matthäus
57%
Silver Ball 1994 Roberto Baggio
54%
Silver Ball 2010 Wesley Sneijder
51%
Bronze Ball 2006 Andrea Pirlo
49%
Golden Ball 1982 Paolo Rossi
49%
Silver Ball 2018 Eden Hazard
34%
Bronze Ball 1982 Karl-Heinz Rummenigge
29%
Bronze Ball 1994 Hristo Stoichkov
26%
Golden Ball 1990 Salvatore Schillaci
26%
Silver Ball 1998 Davor Suker
23%
Bronze Ball 2002 Hong Myung-bo
17%
Bronze Ball 1998 Lilan Thuram
11%
Silver Ball 1982 Falcão
9%
Silver Ball 1986 Toni Schumacher
6%
Bronze Ball 1986 Preben Elkjær
3%
No matching quizzes found
Score Distribution
Percent of People with Each Score
Percentile by Number Answered
Your Score History
You have not taken this quiz